000 00609cam a22002058i 4500
003 KenMUT
005 20251107115214.0
008 231201s2024 enk b 001 0 eng
020 _a9781009295765
040 _cMUT
050 0 0 _aTJ 808
_b.J46 2024
100 1 _aJenkins, Nick,
_eauthor.
245 1 0 _aRenewable energy engineering /
250 _a2nd ed.
260 _aNew York, USA :
_bCambridge University Press,
_c2024.
650 0 _aRenewable energy sources.
650 0 _aElectric power systems.
700 1 _aEkanayake, Janaka,
_eauthor.
942 _2lcc
_cBK
_n0
999 _c23409
_d23409